000
00261nam a22001097a 4500
008
230923b |||||||| |||| 00| 0 eng d
100
_a
Maciver, R.M
_9
4778
245
_a
Modern State
260
_a
London;
_b
Oxford Uni.Pub;
_c
1966;
300
_a
504p
942
_c
BK
999
_c
39742
_d
39742